Futurama Characters' First Lines Quiz Stats

 Plays Quiz Updated Nov 5, 2012

Challenge
Share
Tweet
Embed
Score 0/30 Timer 08:00
2 Plays Today
% Correct
Bender
87.1%
Robot Devil
82.6%
Santa Claus
81.1%
Scruffy
79.8%
Kif
75.3%
Lrrr
74.3%
Dr. Zoidberg
73.6%
LaBarbara
73.5%
Morbo
71.8%
Professor Farnsworth
71.8%
Zapp Brannigan
71.2%
Elzar
67.6%
Fry
66.4%
Dr. Wernstrom
65.4%
Calculon
65.2%
% Correct
Richard Nixon's Head
64.3%
Tinny Tim
63.7%
Cubert Farnsworth
62.5%
Inez Wong
61.8%
Mom
59.2%
The Donbot
52.6%
Leo Wong
49.9%
Ndnd
47.8%
Hermes
44.9%
Leela
39.8%
Warden Vogel
37.3%
Flexo
31.4%
Roberto
30%
Nibbler
26.5%
Amy
22.4%

You're not logged in!

Compare scores with friends on all Sporcle quizzes.
Join for Free
OR
Log In

You Might Also Like...

Show Comments

Extras

Top Quizzes Today


Score Distribution

Your Account Isn't Verified!

In order to create a playlist on Sporcle, you need to verify the email address you used during registration. Go to your Sporcle Settings to finish the process.

Report this User

Report this user for behavior that violates our Community Guidelines.

Details: